Mere mehboob part-1 / (Record no. 44318)

MARC details
000 -LEADER
fixed length control field 01259njm a22003017a 4500
005 - DATE AND TIME OF LATEST TRANSACTION
control field 20100907140713.0
007 - PHYSICAL DESCRIPTION FIXED FIELD--GENERAL INFORMATION
fixed length control field sd ammalaaahaa
008 - FIXED-LENGTH DATA ELEMENTS--GENERAL INFORMATION
fixed length control field 100907t xxu||||| |||| 00| 0 eng d
028 ## - PUBLISHER NUMBER
Publisher number N. 54364
Source His Master's Voice
035 ## - SYSTEM CONTROL NUMBER
System control number GR-01184
040 ## - CATALOGING SOURCE
Original cataloging agency SED/VEN
100 ## - MAIN ENTRY--PERSONAL NAME
Personal name Mangeshkar, Lata and Bhosle, Asha
9 (RLIN) 18700
245 ## - TITLE STATEMENT
Title Mere mehboob part-1 /
Statement of responsibility, etc by , Lata Mangeshkar and Asha Bhosle; lyrics by Shakeel Badauni
246 ## - VARYING FORM OF TITLE
Title proper/short title मेरमहबूब (लता मंगेशकर) पार्ट-1
260 ## - PUBLICATION, DISTRIBUTION, ETC. (IMPRINT)
Place of publication, distribution, etc Dam Dam, India
Name of publisher, distributor, etc His Mater's Voice
300 ## - PHYSICAL DESCRIPTION
Extent 1 Sound Disc [Gramophone Record] :
Other physical details analog.33 1/33 rpm
Dimensions 10 in (LP)
Type of unit Gramophone Record
500 ## - GENERAL NOTE
General note Brief Record
505 ## - FORMATTED CONTENTS NOTE
Formatted contents note Mere mehboob me kya nahi, Tere pyar me dildaar (मेरे महबूब में क्या नहीं ) (तेरे प्यार में दिलदार ) part-2
650 ## - SUBJECT ADDED ENTRY--TOPICAL TERM
Topical term or geographic name as entry element Classical Music
General subdivision Excerpts
Geographic subdivision India
9 (RLIN) 18707
700 ## - ADDED ENTRY--PERSONAL NAME
9 (RLIN) 18701
Personal name भोसले, Asha
700 ## - ADDED ENTRY--PERSONAL NAME
Personal name Badayumi, Shakeel
9 (RLIN) 18782
700 ## - ADDED ENTRY--PERSONAL NAME
9 (RLIN) 18752
700 ## - ADDED ENTRY--PERSONAL NAME
9 (RLIN) 18745
700 ## - ADDED ENTRY--PERSONAL NAME
Personal name Kokate, Sahebrao
9 (RLIN) 18729
700 ## - ADDED ENTRY--PERSONAL NAME
9 (RLIN) 18702
942 ## - ADDED ENTRY ELEMENTS (KOHA)
Source of classification or shelving scheme Dewey Decimal Classification
Item type Gramaphone Records
Holdings
Withdrawn status Lost status Source of classification or shelving scheme Damaged status Not for loan Collection code Home library Current library Date acquired Source of acquisition Total Checkouts Barcode Date last seen Copy number Price effective from Koha item type
    Dewey Decimal Classification   Not For Loan Non-fiction Central Library Central Library 07/09/2010 SED/VEN   GR-01184 07/09/2010 1 07/09/2010 Gramaphone Records

© Delhi Public Library
Hit Counter
free hit counter